LIBRARY ONLINE CATALOGUE

A feminist I (Record no. 17644)

MARC details
000 -LEADER
fixed length control field 00601nam a22001937a 4500
008 - FIXED-LENGTH DATA ELEMENTS--GENERAL INFORMATION
fixed length control field 190516b xxu||||| |||| 00| 0 eng d
020 ## - INTERNATIONAL STANDARD BOOK NUMBER
International Standard Book Number 1551112191
040 ## - CATALOGING SOURCE
Original cataloging agency KABU
Transcribing agency KABU
050 ## - LIBRARY OF CONGRESS CALL NUMBER
Classification number HQ1190
Item number .O94 1998 c. 1
100 ## - MAIN ENTRY--PERSONAL NAME
Personal name Overall, Christine
245 ## - TITLE STATEMENT
Title A feminist I
Remainder of title reflections from academia
Statement of responsibility, etc. Christine Overall
260 ## - PUBLICATION, DISTRIBUTION, ETC. (IMPRINT)
Place of publication, distribution, etc. New York, USA
Name of publisher, distributor, etc. Broadview Press, LTD
Date of publication, distribution, etc. 1998
300 ## - PHYSICAL DESCRIPTION
Extent 214 p.
650 ## - SUBJECT ADDED ENTRY--TOPICAL TERM
Topical term or geographic name as entry element Feminist theory
650 ## - SUBJECT ADDED ENTRY--TOPICAL TERM
Topical term or geographic name as entry element Universities and colleges
General subdivision Moral and ethical aspects
650 ## - SUBJECT ADDED ENTRY--TOPICAL TERM
Topical term or geographic name as entry element Knowledge, Theory of.
650 ## - SUBJECT ADDED ENTRY--TOPICAL TERM
Topical term or geographic name as entry element Autobiography
942 ## - ADDED ENTRY ELEMENTS (KOHA)
Source of classification or shelving scheme Library of Congress Classification
Koha item type General Collection
Classification part HQ1190
Holdings
Withdrawn status Lost status Source of classification or shelving scheme Not for loan Home library Current library Date acquired Total Checkouts Full call number Barcode Date last seen Date last checked out Copy number Price effective from Koha item type
    Library of Congress Classification   Kabarak, Main Campus Kabarak, Main Campus 16/05/2019 4 HQ1190 .O94 1998 c. 1 025992 17/03/2026 17/03/2026 c. 1 16/05/2019 General Collection